000 01339nam0a22002891 4500
001 rc\86867
005 20260406105548.0
010 _a5-7247-0069-7
_9500
035 _a(NLR Aleph) 005354499
090 _a6832384
_c6832384
100 _a20021216d1996 |||y0rusy50 ca
101 0 _arus
102 _aRU
105 _ay |||||||||
200 1 _aПолитология
_eКурс лекций
_f[Григорьев В.А., Кененов А.А., Колесников Е.В. и др.]
_gПод ред. К.Б. Толкачева, А.Г. Хабибулина
_gМ-во внутр. дел Рос. Федерации. Уфим. высш. шк.
210 _aУфа
_cУВШ МВД РФ
_d1996
215 _a197 с.
_d21
300 _aАвт. указаны на обороте тит. л.
701 1 _7ca
_8rus
_aГригорьев
_bВ. А.
_cканд. юрид. наук, уголовное право
_f1961-2009
_gВладимир Александрович
_9236208
_3RU\NLR\AUTH\770236264
702 1 _aТолкачев
_bК. Б.
_gКонстантин Борисович
_4340
712 0 2 _aУфимская высшая школа МВД Российской Федерации
_3RU\NLR\AUTH\884506
_9280527
801 0 _aRU
_bNLR
_gpsbo
801 1 _aRU
_bELAR
_2rusmarc
852 _aNLR
_j96-3/5382
942 _cBOOK
980 _aNB